MyGZULibrary

Statistics / (Record no. 1163)

MARC details
000 -LEADER
fixed length control field 00951cam a2200277 a 4500
001 - CONTROL NUMBER
control field 4943196
003 - CONTROL NUMBER IDENTIFIER
control field GZU
005 - DATE AND TIME OF LATEST TRANSACTION
control field 20200928152801.0
008 - FIXED-LENGTH DATA ELEMENTS--GENERAL INFORMATION
fixed length control field 960311s1997 njua b 001 0 eng
010 ## - LIBRARY OF CONGRESS CONTROL NUMBER
LC control number 96012002
020 ## - INTERNATIONAL STANDARD BOOK NUMBER
International Standard Book Number 013471542X
040 ## - CATALOGING SOURCE
Original cataloging agency DLC
Transcribing agency DLC
Modifying agency DLC
050 00 - LIBRARY OF CONGRESS CALL NUMBER
Classification number QA276.12
Item number .MCL 1997
100 1# - MAIN ENTRY--PERSONAL NAME
Personal name McClave, James T.
Relator term author
245 10 - TITLE STATEMENT
Title Statistics /
Statement of responsibility, etc. James T. McClave, Frank H. Dietrich II, Terry Sincich.
250 ## - EDITION STATEMENT
Edition statement 7th ed.
260 ## - PUBLICATION, DISTRIBUTION, ETC.
Place of publication, distribution, etc. Upper Saddle River, N.J. :
Name of publisher, distributor, etc. Prentice Hall,
Date of publication, distribution, etc. c1997.
300 ## - PHYSICAL DESCRIPTION
Extent xxi, 823 p. :
Other physical details ill. ;
Dimensions 26 cm.
504 ## - BIBLIOGRAPHY, ETC. NOTE
Bibliography, etc. note Includes bibliographical references (p. 815-818) and index.
650 #0 - SUBJECT ADDED ENTRY--TOPICAL TERM
Topical term or geographic name entry element Statistics.
700 1# - ADDED ENTRY--PERSONAL NAME
Personal name Dietrich, Frank H.
Relator term author
700 1# - ADDED ENTRY--PERSONAL NAME
Personal name Sincich, Terry.
Relator term author
906 ## - LOCAL DATA ELEMENT F, LDF (RLIN)
a 7
b cbc
c orignew
d 1
e ocip
f 19
g y-gencatlg
942 ## - ADDED ENTRY ELEMENTS (KOHA)
Source of classification or shelving scheme Library of Congress Classification
Koha item type Books
Edition 7th ed.
Classification part 276.12
Item part MCL
Call number prefix QA
Holdings
Withdrawn status Lost status Source of classification or shelving scheme Damaged status Not for loan Collection code Home library Current library Shelving location Date acquired Total Checkouts Full call number Barcode Date last seen Copy number Price effective from Koha item type
    Library of Congress Classification     Non-fiction City Campus Library City Campus Library General Stacks 09/28/2020   QA276.12 MCL 1997 009552 09/28/2020 c. 1 09/28/2020 Books